00439nam a2200181Ia 4500003000900000005001700009008004100026040001300067040001300080041000800093100002200101245007700123260002300200260000900223300000900232300001000241490000600251IT-RoPAU20220918175645.0120407s9999 xx 000 0 und d aIT-RoPAU cIT-RoPAU aita aEugenio Fornasari aL’uomo del servizio. Cenni biogafici di don Benedetto Saverio Boano... aSan Paolo Edizioni c1992 bill. c21 cm v1